Joueur le plus Valorisé en foot sur Transfermarkt par pays - Statistiques

Statistiques générales
  • Ce quiz a été pris 78 fois
  • Le résultat moyen est 30 sur 204
Statistiques - réponses
Prix Pays Réponse % Correct
180M France Kylian Mbappé
100%
180M Norvège Erling-Braut Haaland
98%
180M Brésil Vinicius Junior
98%
180M Angleterre Jude Bellingham
92%
130M Allemagne Florian Wirtz
86%
130M Espagne Rodri
86%
120M Uruguay Federico Valverde
84%
100M Nigeria Victor Osimhen
82%
90M Portugal Rafael Leão
78%
55M Egypte Mohamed Salah
68%
75M Croatie Joško Gvardiol
66%
110M Argentine Lautaro Martínez
64%
80M Pays-Bas Xavi Simons
64%
80M Géorgie Khvicha Kvaratskhelia
62%
60M Maroc Achraf Hakimi
60%
75M Suède Alexander Isak
60%
50M Canada Jonathan David
60%
75M Colombie Luis Díaz
58%
75M Equateur Moisés Caicedo
58%
65M Belgique Jérémy Doku
56%
80M Italie Nicolò Barella
56%
75M Hongrie Dominik Szoboszlai
54%
45M Turquie Arda Güler
48%
800k Andorre Iker Alvarez
48%
65M Danemark Rasmus Højlund
48%
40M Etats-Unis Christian Pulisic
46%
45M Corée du Sud Min-Jae Kim
46%
50M Japon Takefusa Kubo
42%
65M Serbie Dušan Vlahović
40%
45M Suisse Manuel Akanji
38%
38M Ukraine Oleksandr Zinchenko
36%
50M Slovénie Benjamin Šeško
34%
42M Jamaïque Leon Bailey
34%
32M Ecosse Scott McTominay
32%
50M Irlande Evan Ferguson
30%
45M Burkina-Faso Edmond Tapsoba
26%
50M Ghana Mohammed Kudus
26%
45M Sénégal Pape Matar Sarr
26%
1M Bolivie Roberto Fernandez
26%
30M Autriche Konrad Laimer
24%
300k Sao-Tomé-et-Principe Ricardo Fernandes
22%
30M Russie Aleksandr Golovin
18%
48M Pays de Galles Brennan Johnson
18%
40M Cameroun Bryan Mbeumo
18%
25M Kosovo Edon Zhegrova
18%
40M Mexique Santiago Giménez
18%
40M Guinée Serhou Guirassy
18%
10M Iran Mehdi Taremi
16%
175k Gibraltar Tjay De Barr
16%
500k Corée du Nord Byong-Jun An
14%
12M République Centrafricaine Geoffrey Kondogbia
14%
25M Roumanie Radu Drăgușin
14%
35M Algérie Rayan Aït-Nouri
14%
35M Mali Cheick Doucouré
12%
14M Libye Moatasem Al-Musrati
12%
40M Côte d'Ivoire Ousmane Diomandé
12%
7M Malte Teddy Teuma
12%
30M République Tchèque Tomáš Souček
12%
16M Gambie Yankuba Minteh
12%
22M Albanie Armando Broja
10%
35M Slovaquie Dávid Hancko
10%
20M Macédoine du Nord Eljif Elmas
10%
30M Pologne Jakub Kiwior
10%
22M Paraguay Julio Enciso
10%
17M Luxembourg Leandro Barreiro Martins
10%
13M Trinité-et-Tobago Levi García
10%
10M Zimbabwe Marshall Munetsi
10%
10M Suriname Sheraldo Becker
10%
25M Grèce Vangelis Pavlidis
10%
28M RD Congo Yoane Wissa
10%
15M Burundi Youssouf Ndayishimiye
10%
2M Guatemala Aarón Herrera
8%
6M Qatar Akram Afif
8%
30M Islande Albert Gudmundsson
8%
7M Nouvelle-Zélande Chris Wood
8%
15M Irlande du Nord Conor Bradley
8%
20M Arménie Eduard Spertsyan
8%
11M Tunisie Ellyes Skhiri
8%
28M Bosnie-Herzégovine Ermedin Demirović
8%
9M Kenya Joseph Okumu
8%
12M Cap-Vert Logan Costa
8%
13M Afrique du Sud Lyle Foster
8%
10M Gabon Mario Lemina
8%
8M Jordanie Mousa Al-Tamari
8%
800k Cuba Onel Hernández
8%
12M Zambie Patson Daka
8%
25M Venezuela Yangel Herrera
8%
6M Finlande Glen Kamara
6%
5M République Dominicaine Junior Firpo
6%
16M Togo Kévin Denkey
6%
1.20M Chine Lei Wu
6%
6M Syrie Mahmoud Dahoud
6%
5M Panama Michael Murillo
6%
8.50M Libéria Oscar Dorley
6%
25M Israël Oscar Gloukh
6%
2M Madagascar Rayan Raveloson
6%
5M Pérou Renato Tapia
6%
6M Bénin Steve Mounié
6%
5M Mauritanie Aboubakary Koita
4%
8.50M Australie Alessandro Circati
4%
3M Bahreïn Ali Madan
4%
150k Djibouti Anas Farah Ali
4%
550k Viêt-Nam Filip Nguyen
4%
10M Mozambique Geny Catamo
4%
10M Chili Guillermo Maripán
4%
2.50M Chypre Ioannis Pittas
4%
4M Guyana Isaiah Jones
4%
3.50M Haïti Jean-Kévin Duverne
4%
50k Îles Vierges Américaines Joshua Ramos
4%
2M Estonie Karl Hein
4%
8M Guinée-Equatoriale Saúl Coco
4%
6M Ouzbékistan Abbosbek Fayzullaev
2%
3.50M Salvador Álex Roldán
2%
2M Niger Ali Mohamed
2%
1.80M Tanzanie Ally Samatta
2%
4.50M Congo-Brazzaville Antoine Makoumbou
2%
200k Birmanie Aung Thu
2%
5M Kazakhstan Bakhtiyor Zaynutdinov
2%
275k Îles Cook Benjamin Mata
2%
200k Laos Billy Ketkeophomphone
2%
225k Bhoutan Chencho Gyeltshen
2%
2.50M Lituanie Edgaras Utkus
2%
7M Emirats Arabes Unis Fábio Lima
2%
6M Arabie Saoudite Firas Al-Buraikan
2%
2.50M Biélorussie Ilya Skhurin
2%
10k Îles Caïmans Jacobbi Tugman
2%
300k Sainte-Lucie Janoi Donacien
2%
150k Samoa Kaleb De Groot-Green
2%
7M Bulgarie Kiril Despodov
2%
375k Inde Lallianzuala Chhangte
2%
4.50M Honduras Luis Palma
2%
7.50M Costa-Rica Manfred Ugalde
2%
400k Bermudes Nahki Wells
2%
1.50M Palestine Oday Dabbagh
2%
4M Moldavie Oleg Reabciuk
2%
2M Namibie Peter Shalulile
2%
1.20M Lettonie Raimonds Krollis
2%
225k Îles Salomon Raphael Lea'i
2%
1.80M Azerbaïdjan Renat Dadashov
2%
4M Curaçao Riechedly Bazoer
2%
500k Saint-Christophe-et-Niévès Romaine Sawyers
2%
500k Oman Salah Al-Yahyaei
2%
2.50M Grenade Shandon Baptiste
2%
1M Thaïlande Supachai Chaided
2%
3M Indonésie Thom Haye
2%
7M Monténégro Viktor Đukanović
2%
1M Irak Zidane Iqbal
2%
7.50M Angola Zito Luvumbo
2%
150k Nouvelle-Calédonie Abiezer Jeno
0%
350k Ethiopie Abubeker Nasir
0%
100k Saint-Marin Alessandro Golinucci
0%
100k Tonga Ata Inia
0%
400k Koweït Bandar Al-Salama
0%
400k Somalie Bilal Njie
0%
100k Îles Turques-et-Caïques Billy Forbes
0%
450k Vanuatu Brian Kaltak
0%
25k Seychelles Charmaine Häusl
0%
400k Sri Lanka Claudio Kammerknecht
0%
1M Liban Daniel Lajud
0%
150k Papouasie-Nouvelle-Guinée David Browne
0%
800k Malaisie Dion Cools
0%
300k Maurice Dylan Collard
0%
650k Pakistan Easah Suliman
0%
400k Hong Kong Everton Camargo
0%
2M Comores Faïz Selemani
0%
375k Afghanistan Farshad Noor
0%
7.50M Guinée-Bissau Franculino
0%
550k Malawi Gabadinho Mhango
0%
150k Mongolie Ganbold Ganbayar
0%
200k Aruba Gregor Breinburg
0%
700k Kirghizistan Gulzhigit Alykulov
0%
175k Brunei Hakeme Yazid Said
0%
1.50M Rwanda Hakim Sahabo
0%
150k Maldives Ibrahim Aisham
0%
350k Singapour Irfan Fandi
0%
250k Bangladesh Isa Faysal
0%
350k Montserrat Jeriel Dorsett
0%
400k Îles Féroé Joannes Bjartalid
0%
400k Eswatini Justice Figuareido
0%
175k Macao Ka-Hang Leong
0%
400k Yémen Khaled Al-Asbahi
0%
250k Liechtenstein Lars Traber
0%
350k Soudan du Sud Machop Chol
0%
1M Antigua-et-Barbuda Mahlon Romeo
0%
1.50M Tchad Marius Mouandilmadji
0%
50k Tahiti Matéo Degrumelle
0%
150k Bélize Michael Salazar
0%
550k Soudan Mohamed Awad Alla
0%
250k Porto-Rico Nicolas Cardona
0%
250k Saint-Vincent-et-les-Grenadines Oalex Anderson
0%
250k Timor Oriental Paulo Gali
0%
300k Cambodge Privat Mbarga
0%
1.50M Philippines Raphael Obermair
0%
275k Népal Rohit Chand
0%
350k Turkménistan Ruslan Mingazov
0%
1.20M Tadjikistan Rustam Yatimov
0%
850k Ouganda Salim Magoola
0%
350k Lesotho Sera Motebang
0%
225k Fidji Shuiab Khan
0%
700k Barbade Thierry Gale
0%
1.20M Taïwan Tim Chow
0%
75k Dominique Tobi Jnohope
0%
75k Guam Travis Nicklaw
0%
1M Sierra-Leone Yayah Kallon
0%
Aucun quiz correspondant
Distribution des résultats
% des personnes avec chaque résultat
Percentile par nombre de réponses
Votre historique - résultats
Vous n’avez pas pris ce quiz